000 00262nam a22001097a 4500
008 170105b xxu||||| |||| 00| 0 eng d
020 _a9781565335233
041 _aeng
080 _25TH
_a618.2
245 _aPN PHARMACOLOGY FOR NURSING
_cKNIPPA, A
942 _2udc
_cBK
999 _c2576
_d2576